000 00548nam a2200217Ia 4500
003 OSt
005 20220928141721.0
006 a|||||r|||| 00| 0
007 ta
008 220927b |||||||| |||| 00| 0 eng d
024 _a17065
037 _cTextual
040 _aSDCL
_cSDCL
_beng
041 _2eng
_aeng
082 _aV1:51'N14, L0
100 _aLiddell Hart B H
_9501765
245 0 _aHistory of the first world war
260 _c1970
942 _hV1:51'N14, L0
_cTEXL
_2CC
999 _c819390
_d819390